000
00334nam a2200145Ia 4500
003
OSt
005
20231204094804.0
008
170524s9999 xx 000 0 und d
020
_a
9788120318892
040
_c
IIMT UNIVERSITY
100
_a
STAISON
245
0
_a
MS EXCEL VERSION 2002
260
_b
HIMALYA PUB. HOUSE
942
_2
ddc
_c
02
999
_c
7962
_d
7962